00559nam a2200205Ia 450000500170000000800460001703700110006304000080007404000080008204000080009004100080009804100080010608400080011410000470012224500780016926000090024730000100025665000230026670000640028920260430150234.0008 250103s9999 xx 000 0 eng d aTheses aCRL beng ceng 2eng aeng qCRL aAli Semeen Au.; Devadawson Christel R. Gu. 0aPolitics of location in Pakistan with reference to kamila shamsie's works c2020 a193p. aEnglish Literature aUniversity of Delhi. Faculty of Arts. Depatment of English